EPIC: the Musical - Open Arms - Statistics

General Stats
  • This quiz has been taken 259 times
  • The average score is 371 of 432
Answer Stats
Hint Answer % Correct
Polites: You
100%
you
100%
you!
100%
a
99%
Polites: A
99%
Polites: I
99%
your
98%
can
97%
free
96%
my
96%
Odysseus: | Polites: My
96%
friend
95%
friend,
95%
the
95%
Lotus Eaters: The
95%
greet
94%
Greet
94%
relax,
94%
relax
94%
with
94%
arms
93%
do
93%
is
93%
open
93%
So
93%
so
93%
tell
93%
Tell
93%
this
93%
This
93%
to
93%
we
93%
you're
93%
You're
93%
And
92%
and
92%
Polites
92%
world
92%
fine,
91%
fine
91%
get
91%
Odysseus: I'm
91%
it
91%
It
91%
life
91%
when
91%
When
91%
amazing
90%
that
90%
what
90%
food
89%
Lotus Eaters: Food
89%
Lotus Eaters: Food (food)
89%
Lotus Eaters: Food (om nom nom nom)
89%
in
89%
nervous
89%
try
89%
try,
89%
where
88%
be
87%
getting
87%
me,
86%
me
86%
yourself
86%
how
85%
men
85%
No
85%
Polites: See?
85%
see
85%
service
85%
back!
84%
back,
84%
back
84%
cave!
84%
cave
84%
cave?
84%
cave! (Scary cave)
84%
could
84%
Could
84%
eat
84%
for
84%
Here
84%
here
84%
Odysseus: Huh?
84%
Look
84%
look
84%
we're
84%
Odysseus: We're
84%
if
83%
If
83%
lotus,
83%
Polites: Lotus
83%
We'll
83%
we'll
83%
of
82%
Lotus Eaters: | Odysseus: Stay
82%
there
82%
heart
81%
it's
81%
It's
81%
at
80%
face,
80%
go
80%
not
80%
place,
80%
place
80%
war
80%
from
79%
say
79%
show
79%
are
78%
into
78%
know
78%
telling
78%
Polites: Thank
78%
warning
78%
Why
78%
why
78%
don't
77%
fruit
77%
have
77%
kind
77%
up
77%
Lotus Eaters: Welcome!
77%
Whatever
77%
live?
76%
matter
76%
mind
76%
only
76%
us
76%
will
76%
been
75%
But
75%
eaters,
75%
light
75%
never
75%
start:
75%
take
75%
through
75%
tired
75%
waiting
75%
wish
75%
controls
74%
give?
74%
Give
74%
glowing
74%
leading
74%
supposed
74%
there's
74%
agree
73%
all
73%
filled
73%
That's
73%
find
72%
hard
72%
hundred
72%
they
72%
lets
71%
our
71%
Odysseus: Six
71%
sword
71%
blazes
70%
bloodshed
70%
Lotus Eaters: East! (That way)
70%
faces
70%
feast?
70%
Here's
70%
kindness
70%
person
70%
safely,
70%
seeds
70%
survive
70%
them
70%
turn
70%
much
69%
should
69%
took
69%
saying
68%
while
68%
friends
67%
just
67%
trust
67%
way
67%
gaurd
66%
inside
66%
lower
66%
grip
65%
Polites: Think
65%
i'd
64%
like
64%
some
63%
chance
62%
brave
61%
other
61%
guilt
60%
notice
60%
stop
59%
enough
58%
said
57%
sail
57%
adjustment
55%
we'd
48%
replace
45%
No matching quizzes found
Score Distribution
Percent of People with Each Score
Percentile by Number Answered
Your Score History
You have not taken this quiz